Advanced calculus for applications
Saved in:
| Main Author: | |
|---|---|
| Format: | Book |
| Language: | English |
| Published: |
Englewood Cliffs :
Prentice-Hall,
c1976
|
| Edition: | 2nd ed. |
| Subjects: | |
| Tags: |
Add Tag
No Tags, Be the first to tag this record!
|
MARC
| LEADER | 00000pam a2200000 i 4500 | ||
|---|---|---|---|
| 001 | 1/75255 | ||
| 008 | 941122s1976 eng d | ||
| 020 | |a 0-13-011189-9 | ||
| 035 | |l 10003715 | ||
| 040 | |a GR-MY-UA |b gre |e aacr | ||
| 041 | 0 | |a eng | |
| 082 | 0 | |a 515 | |
| 100 | 1 | |a Hildebrand, Francis Begnaud. | |
| 245 | 1 | 0 | |a Advanced calculus for applications / |c Francis B. Hildebrand |
| 250 | |a 2nd ed. | ||
| 260 | |a Englewood Cliffs : |b Prentice-Hall, |c c1976 | ||
| 300 | |a xiii, 733 σ.; |b εικ.; |c 24 εκ. | ||
| 504 | |a Περιέχει ευρετήριο | ||
| 650 | 0 | 0 | |a Calculus. |
| 852 | |a INST |b LESVOS |e 19941122 |h 515 HIL |p 005100003375 |q 005100003375 |t BK |y 0 | ||
| 909 | |a Λ |b 03866 | ||